Gravity sanitary sewer design and construction / (Record no. 548068)

000 -LEADER
fixed length control field 00908cam a2200217 a 4500
020 ## - INTERNATIONAL STANDARD BOOK NUMBER
International Standard Book Number 0872623130
082 00 - DEWEY DECIMAL CLASSIFICATION NUMBER
Classification number 628.2
Author Mark GRA
-- D
100 ## - MAIN ENTRY--PERSONAL NAME
Personal name A.S.C.E
9 (RLIN) 38756
245 00 - TITLE STATEMENT
Title Gravity sanitary sewer design and construction /
Statement of responsibility, etc. prepared by a joint task force of the American Society of Civil Engineers and the Water Pollution Control Federation.
260 ## - PUBLICATION, DISTRIBUTION, ETC.
Place of publication, distribution, etc. New York, N.Y. :
Name of publisher, distributor, etc. The Society ;
Place of publication, distribution, etc. Washington, D.C. :
Name of publisher, distributor, etc. The Federation,
Date of publication, distribution, etc. c1982.
300 ## - PHYSICAL DESCRIPTION
Extent xv, 275 p. :
Other physical details ill. ;
Dimensions 24 cm.
490 1# - SERIES STATEMENT
Series statement WPCF manual of practice ;
500 ## - GENERAL NOTE
General note Prepared by the Joint Task Force on Sanitary Sewers.
526 ## - STUDY PROGRAM INFORMATION NOTE
Program name 0
Interest level 0
Reading level 0
Title point value 628_200000000000000_GRA
650 #0 - SUBJECT ADDED ENTRY--TOPICAL TERM
Topical term or geographic name entry element D
9 (RLIN) 6527
650 #0 - SUBJECT ADDED ENTRY--TOPICAL TERM
Topical term or geographic name entry element Sewerage
General subdivision Design and construction.
9 (RLIN) 6041
710 2# - ADDED ENTRY--CORPORATE NAME
Corporate name or jurisdiction name as entry element American Society of Civil Engineers.
9 (RLIN) 702
710 2# - ADDED ENTRY--CORPORATE NAME
Corporate name or jurisdiction name as entry element Joint Task Force on Sanitary Sewers.
9 (RLIN) 44235
710 2# - ADDED ENTRY--CORPORATE NAME
Corporate name or jurisdiction name as entry element Water Pollution Control Federation.
9 (RLIN) 6286
942 ## - ADDED ENTRY ELEMENTS (KOHA)
Source of classification or shelving scheme
Koha item type Book
Holdings
Withdrawn status Lost status Source of classification or shelving scheme Damaged status Not for loan Permanent Location Current Location Date acquired Total Checkouts Full call number Barcode Date last seen Price effective from Koha item type
          Military College of Engineering (MCE) Military College of Engineering (MCE) 08/19/2014   628.2 GRA MCE-42942 08/19/2014 03/14/2021 Book
© 2023 Central Library, National University of Sciences and Technology. All Rights Reserved.